Instrumental Methods of Chemical Analysis Vol 2 (Record no. 365357)

MARC details
000 -LEADER
fixed length control field 00222 a2200085 4500
100 ## - MAIN ENTRY--PERSONAL NAME
Personal name B K Sharma
9 (RLIN) 211506
245 ## - TITLE STATEMENT
Title Instrumental Methods of Chemical Analysis Vol 2
250 ## - EDITION STATEMENT
Edition statement 5th
260 ## - PUBLICATION, DISTRIBUTION, ETC. (IMPRINT)
Name of publisher, distributor, etc. Krishna Prakashan Media
Date of publication, distribution, etc. 2025
Holdings
Withdrawn status Lost status Source of classification or shelving scheme Damaged status Not for loan Collection code Home library Current library Date acquired Vendor Cost, normal purchase price Bill number Total Checkouts Full call number Barcode Date last seen Date last checked out Discount Cost, replacement price Bill Date Koha item type Original Barcode
    Dewey Decimal Classification     Allied Science Cummins College of Engineering for Women Nagpur Cummins College of Engineering for Women Nagpur 04/03/2025 150 1195.00 24-25/1681 1 543.008 CEWN-BK-10349 29/01/2026 16/12/2025 15 1015.75 04/03/2025 Books 10349
    Dewey Decimal Classification     Allied Science Cummins College of Engineering for Women Nagpur Cummins College of Engineering for Women Nagpur 04/03/2025 150 1195.00 24-25/1681   543.008 CEWN-BK-10350 04/03/2025   15 1015.75 04/03/2025 Books 10350
    Dewey Decimal Classification     Allied Science Cummins College of Engineering for Women Nagpur Cummins College of Engineering for Women Nagpur 04/03/2025 150 1195.00 24-25/1681 1 543.008 CEWN-BK-10352 10/03/2025 10/03/2025 15 1015.75 04/03/2025 Books 10352
    Dewey Decimal Classification     Allied Science Cummins College of Engineering for Women Nagpur Cummins College of Engineering for Women Nagpur 04/03/2025 150 1195.00 24-25/1681   543.008 CEWN-BK-10348 04/03/2025   15 1015.75 04/03/2025 Books 10348
    Dewey Decimal Classification     Allied Science Cummins College of Engineering for Women Nagpur Cummins College of Engineering for Women Nagpur 04/03/2025 150 1195.00 24-25/1681   543.008 CEWN-BK-10351 04/03/2025   15 1015.75 04/03/2025 Books 10351